Indiana Jones Artifacts - Statistics

General Stats
  • This quiz has been taken 79 times
  • The average score is 3 of 5
Answer Stats
Picture Answer % Correct
Ark of the Covenant
94%
Crystal Skull
94%
Holy Grail
82%
Sankara Stones
36%
Antikythera
18%
No matching quizzes found
Score Distribution
Percent of People with Each Score
Percentile by Number Answered
Your Score History
You have not taken this quiz